ARRUPE JESUIT UNIVERSITY

CORONAVIRUS -STOP THE SPREAD - CLEAN,DISINFECT,COVER

The house of Elrig (Record no. 120084)

MARC details
000 -LEADER
fixed length control field 00370nam a22001337a 4500
005 - DATE AND TIME OF LATEST TRANSACTION
control field 20140218171144.0
008 - FIXED-LENGTH DATA ELEMENTS--GENERAL INFORMATION
fixed length control field 140218b xxu||||| |||| 00| 0 eng d
050 ## - LIBRARY OF CONGRESS CALL NUMBER
Classification number PZ3.M44
Item number H6
100 ## - MAIN ENTRY--PERSONAL NAME
Personal name Maxwell, Gavin
9 (RLIN) 8747
245 ## - TITLE STATEMENT
Title The house of Elrig
Statement of responsibility, etc Maxwell, Gavin
260 ## - PUBLICATION, DISTRIBUTION, ETC. (IMPRINT)
Place of publication, distribution, etc Middlesex
Name of publisher, distributor, etc Penguin Books
Date of publication, distribution, etc 1974
300 ## - PHYSICAL DESCRIPTION
Extent 204p.;
Dimensions 18cm
Other physical details ill.
942 ## - ADDED ENTRY ELEMENTS (KOHA)
Source of classification or shelving scheme Library of Congress Classification
Item type Monograph ( Printed materials)
Holdings
Withdrawn status Lost status Source of classification or shelving scheme Damaged status Not for loan Collection code Home library Current library Shelving location Date acquired Total Checkouts Full call number Barcode Date last seen Price effective from Koha item type
    Library of Congress Classification     Main Collection ARRUPE LIBRARY ARRUPE LIBRARY Main Collection 18/02/2014   PZ3.M44 H6 46500000144 02/07/2019 18/02/2014 Monograph ( Printed materials)

 

Arrupe Library. PO Box MP320 Mt Pleasant, Harare, Zimbabwe
263 242 745411|librarian@aju.ac.zw